al istishraq wa sihr hadarat al sharq

محفوظ في:

المؤلف الرئيسي: Husti inas

التنسيق: كتاب

اللغة: Undetermined

منشور في: DUBAYY 2012

الموضوعات:

الوسوم: إضافة وسم

لا توجد وسوم, كن أول من يضع وسما على هذه التسجيلة!

رقم الطلب: NK650 E85

LEADER 00543nam a2200169Ia 4500
008 230909s9999||||xx |||||||||||||| ||und||
050 4 |a NK650 E85  
100 1 |a Husti inas  
245 1 0 |a al istishraq wa sihr hadarat al sharq  
264 1 |a DUBAYY  |c 2012 
300 |a 329 P  |c 20×23cm 
504 |a Includes biliographical  
650 4 |a East and west in art 
650 4 |a Orientalismin art  
942 |2 lcc  |c BK 
952 |0 0  |1 0  |2 lcc  |4 0  |6 NK0650 E85  |7 1  |9 49971  |a ARCE  |b ARCE  |d 2023-09-09  |l 0  |o NK650 E85   |r 2023-09-09 00:00:00  |w 2023-09-09  |y BK 
999 |c 54594  |d 54594